Ekonomická encyklopedie 1 A - O

Guardado en:
Detalles Bibliográficos
Formato: Libro
Lenguaje:lengua desconocida
Publicado: Praha Svoboda 1984
Acceso en línea:Ver en el OPAC
Etiquetas: Agregar Etiqueta
Sin Etiquetas, Sea el primero en etiquetar este registro!

MARC

LEADER 00000nam a2200000 a 4500
005 20260127134404.0
008 970110s1984 xx 0 und c
035 |a vtls001271538 
035 |a SNK000222658 
039 9 |a 201111161427  |b msnmk05  |c 200809251205  |d mschk03  |y 200412271146  |z VLOAD 
040 |a SNK  |b slo  |c SNK  |d STUSCHK1  |e AACR2 
245 1 |a Ekonomická encyklopedie 1  |b A - O 
260 |a Praha  |b Svoboda  |c 1984 
300 |a 775 s. 
910 |a SCHK95 
910 |a snmk 
999 |c 11535  |d 11535